| 000 | 00554nam a2200193Ia 4500 | ||
|---|---|---|---|
| 005 | 20250508154444.0 | ||
| 008 | 008 250505s9999 xx 000 0 hin d | ||
| 037 | _aBooks to be hide in OPAC | ||
| 040 |
_aFEDL _beng _cFEDL |
||
| 041 |
_ahin _2hin |
||
| 084 |
_a371.4, BHA/O _qFEDL |
||
| 100 |
_aBhatia Kamla and others _9765476 |
||
| 245 | 0 | _aBuniyadi adhyapan Paddhati | |
| 260 |
_aBombay, India _bOrient Longman Pvt. Ltd. _c1958 |
||
| 300 | _a174p | ||
| 365 |
_aINR _b3.5 |
||
| 942 |
_cHB _h371.4, BHA/O |
||
| 999 |
_c1350353 _d1350353 |
||